000 00494nam a2200169 4500
003 SEACOMMC
005 20250425112522.0
008 241118b |||||||| |||| 00| 0 eng d
020 _a 81-7446-504-9
_cRs.250.00
040 _aSEACOMMC
082 _a658.3124
_bD 229
100 _aDas, Biswajit
245 1 _aBusiness Communication And Personality Development
_cBiswajit Das, Ipseeta Satpathy
260 _aNew Delhi
_b Excel Book
_c 2009
650 _a Business Administration
942 _cBOOK
999 _c758
_d758